Teoría ergódica /

Guardado en:
Autor Principal: Szlenk, Wieslaw.
Formato: Libro
Idioma:Spanish
Publicado: [México, D.F.] : Departamento de Matemáticas, Centro de Investigación y de Estudios Avanzados del I.P.N., impresión de 1985.
Etiquetas: Agregar Etiqueta
Sin Etiquetas, Sea el primero en etiquetar este registro!
LEADER 00818nam a22001695a 4500
001 MAT.inmabb004731
008 070906s1985####mx#a#####b####000#0#spa#d
005 20160322174024.0
245 1 0 |a Teoría ergódica /  |c Wieslaw Szlenk. 
260 |a [México, D.F.] :  |b Departamento de Matemáticas, Centro de Investigación y de Estudios Avanzados del I.P.N.,  |c impresión de 1985. 
300 |a iii, 202 p. :  |b il. ;  |c 22 cm. 
500 |a En portada adicional: "Introducción a la teoría ergódica : medidas invariantes absolutamente continuas para las transformadas diferenciables : notas de curso, primavera 1979, CIEA". 
504 |a Incluye referencias bibliográficas (p. 198-202). 
100 1 |a Szlenk, Wieslaw. 
246 3 5 |a Introducción a la teoría ergódica 
084 |a 28Dxx  |2 msc2000 
859 |h 28  |i Sz998e  |p A-6089  |b BIB. MATEMATICA